[Event "Medjimurske Team Cup"]
[White "Zeleznjak, Tihomir"]
[Black "Mocnik, Darko"]
[Site "Nedelisce"]
[Round "4.3"]
[Result "1-0"]
[Date "2018.03.04"]
[WhiteElo "1984"]
[BlackElo "1594"]
[PlyCount "91"]
[EventDate "2018.02.11"]
[EventType "team-swiss"]
[EventRounds "6"]
[EventCountry "CRO"]
[SourceTitle "CBM 183 Extra"]
[Source "ChessBase"]
[SourceDate "2018.04.19"]
[SourceVersion "1"]
[SourceVersionDate "2018.04.19"]
[SourceQuality "1"]

1. Nf3 d5 2. c4 e6 3. e3 c5 4. cxd5 exd5 5. d4 Nf6 6. Nc3 Nc6 7. Bb5 a6 8. Bxc6+ bxc6 9. Ne5 Qb6 10. 0-0 Bd6 11. Nd3 cxd4 12. exd4 Qxd4 13. Re1+ Be6 14. Bg5 h6 15. Ne2 Qg4 16. Bxf6 gxf6 17. h3 Qg6 18. Nef4 Bxf4 19. Nxf4 Qf5 20. Nxe6 fxe6 21. g4 Qf4 22. Rxe6+ Kd7 23. Re3 h5 24. Qb3 Rab8 25. Qa3 Qd6 26. Qxa6 hxg4 27. Qa7+ Kc8 28. Rae1 Rd8 29. Re6 Rb7 30. Qa6 Qb4 31. Qa8+ Kc7 32. Re7+ Rd7 33. Qe8 Rxe7 34. Qxe7+ Kb8 35. Qd8+ Ka7 36. Re3 Rb5 37. Ra3+ Kb7 38. Qa8+ Kc7 39. Ra7+ Kd6 40. Qf8+ Ke5 41. Re7+ Kf5 42. Qc8+ Kg6 43. Qe8+ Kg5 44. Rg7+ Kf5 45. hxg4+ Kf4 46. Qe3# 1-0

[Event "CRO-chT3B Center North"]
[White "Zeleznjak, Tihomir"]
[Black "Zadravec, Stjepan"]
[Site "Croatia"]
[Round "2.2"]
[Result "0-1"]
[Date "2016.04.10"]
[WhiteElo "2051"]
[BlackElo "1880"]
[PlyCount "94"]
[EventDate "2016.04.03"]
[EventType "team-tourn"]
[EventRounds "9"]
[EventCountry "CRO"]
[SourceTitle "EXT 2019"]
[Source "ChessBase"]
[SourceDate "2018.10.10"]
[SourceVersion "1"]
[SourceVersionDate "2018.10.10"]
[SourceQuality "1"]

1. e4 c5 2. f4 d6 3. Nf3 Nc6 4. Bb5 Bd7 5. Nc3 e6 6. 0-0 a6 7. Bxc6 Bxc6 8. d4 cxd4 9. Qxd4 Nf6 10. h3 Be7 11. Be3 0-0 12. f5 e5 13. Qd3 Qc7 14. a4 Rac8 15. a5 d5 16. exd5 e4 17. Nxe4 Bb5 18. Nxf6+ Bxf6 19. Qb3 Bxf1 20. Rxf1 Qxc2 21. Qxb7 Rb8 22. Qxa6 Rxb2 23. Rf2 Qd1+ 24. Qf1 Qxd5 25. Rxb2 Bxb2 26. a6 Re8 27. Bf2 Ba3 28. f6 Bc5 29. fxg7 Bxf2+ 30. Qxf2 Qd1+ 31. Kh2 Qd6+ 32. Kg1 Qxa6 33. Nd4 Qg6 34. Nf5 Re5 35. g4 Rxf5 36. Qxf5 Qxf5 37. gxf5 Kxg7 38. Kg2 Kf6 39. Kg3 Kxf5 40. Kf3 h6 41. Ke3 Ke5 42. Kf3 f5 43. Ke3 f4+ 44. Kf3 Kf5 45. Kf2 Ke4 46. Ke2 f3+ 47. Kf2 Kf4 0-1

[Event "CRO-chT3B Center North"]
[White "Zeleznjak, Tihomir"]
[Black "Turk, Tajana"]
[Site "Croatia"]
[Round "1.1"]
[Result "1-0"]
[Date "2014.04.06"]
[WhiteElo "2122"]
[BlackElo "1962"]
[PlyCount "157"]
[EventDate "2014.04.06"]
[EventType "team-tourn"]
[EventRounds "9"]
[EventCountry "CRO"]
[SourceTitle "EXT 2019"]
[Source "ChessBase"]
[SourceDate "2018.10.10"]
[SourceVersion "1"]
[SourceVersionDate "2018.10.10"]
[SourceQuality "1"]

1. Nf3 d5 2. c4 e6 3. g3 Nf6 4. Bg2 Be7 5. 0-0 0-0 6. d4 c6 7. Nc3 Nbd7 8. b3 Re8 9. Bb2 Bd6 10. Qc2 Nf8 11. Rad1 Ng6 12. Rfe1 Bd7 13. e4 dxe4 14. Nxe4 Nxe4 15. Qxe4 Bb4 16. Re2 Be7 17. h4 h6 18. h5 Nf8 19. Ne5 Qa5 20. a3 Rad8 21. c5 Bc8 22. b4 Qc7 23. Bc1 f6 24. Nc4 e5 25. d5 cxd5 26. Rxd5 Be6 27. Rdd2 Bf7 28. g4 Ne6 29. Qxb7 Qxb7 30. Bxb7 Nd4 31. Rxd4 Rxd4 32. Ne3 Be6 33. f3 Red8 34. Kf2 a5 35. Bb2 Rd2 36. Bc3 R2d3 37. Rc2 Kf7 38. Be4 R3d7 39. Be1 axb4 40. axb4 Rb8 41. Ke2 Rd4 42. Bc3 Rd7 43. Rb2 Ra7 44. Nd5 Bxc5 45. Kd3 Bd6 46. b5 Rd7 47. b6 Ba3 48. Rb5 Rd6 49. Ke3 Bd7 50. Ra5 Bc1+ 51. Ke2 Be6 52. Ra7+ Rd7 53. Rc7 Ba3 54. Ba5 Bd6 55. Ra7 Bc5 56. Rc7 Bd6 57. Rc6 Ra8 58. Bc3 Rb8 59. Nc7 Bxc7 60. bxc7 Rc8 61. Ba5 Re7 62. Kd3 Ke8 63. Kc3 Bf7 64. Bf5 Rd7 65. Kb4 Bd5 66. Rc5 Bxf3 67. Rc3 Bb7 68. Kb5 Rd6 69. Bb4 Rd7 70. Kb6 Bg2 71. Bg6+ Rf7 72. Bxf7+ Kxf7 73. Rd3 Ke8 74. Rd6 Bf3 75. Re6+ Kf7 76. Re7+ Kg8 77. Rd7 Bxg4 78. Rd8+ Kf7 79. Kb7 1-0

[Event "CRO-chT3B Center North"]
[White "Zeleznjak, Tihomir"]
[Black "Makovec, Bruno"]
[Site "Croatia"]
[Round "8.1"]
[Result "0-1"]
[Date "2013.10.20"]
[WhiteElo "2126"]
[BlackElo "1886"]
[PlyCount "88"]
[EventDate "2013.04.14"]
[EventType "team-tourn"]
[EventRounds "9"]
[EventCountry "CRO"]
[SourceTitle "EXT 2019"]
[Source "ChessBase"]
[SourceDate "2018.10.10"]
[SourceVersion "1"]
[SourceVersionDate "2018.10.10"]
[SourceQuality "1"]

1. e4 c5 2. Nf3 d6 3. d4 cxd4 4. Nxd4 Nf6 5. Nc3 a6 6. Be2 e5 7. Nb3 Be6 8. Bg5 Nbd7 9. Nd5 Bxd5 10. exd5 Be7 11. Be3 0-0 12. c4 Rc8 13. 0-0 b6 14. Nd2 a5 15. a3 Nc5 16. b4 Nce4 17. Nxe4 Nxe4 18. Bd3 Nf6 19. Rc1 g6 20. f4 Nd7 21. Qd2 f5 22. Qf2 Re8 23. Rfd1 exf4 24. Bxf4 Bg5 25. Re1 Bxf4 26. Qxf4 Ne5 27. Bf1 Qf6 28. h3 Rc7 29. Qf2 Rce7 30. Rxe5 Qxe5 31. Qxb6 axb4 32. axb4 Qf4 33. Rc2 Re1 34. Qf2 Qe4 35. Qd2 Ra8 36. Kf2 Raa1 37. Be2 Qh4+ 38. Kf3 Rf1+ 39. Bxf1 Rxf1+ 40. Ke2 Rf2+ 41. Kd1 Rxd2+ 42. Kxd2 Qd4+ 43. Kc1 Qa1+ 44. Kd2 Qa3 0-1

[Event "CRO-chT3B Center North"]
[White "Zeleznjak, Tihomir"]
[Black "Slamar, Velimir"]
[Site "Croatia"]
[Round "9.21"]
[Result "1/2-1/2"]
[Date "2012.10.27"]
[WhiteElo "2126"]
[BlackElo "2166"]
[PlyCount "31"]
[EventDate "2012.04.14"]
[EventType "team-tourn"]
[EventRounds "9"]
[EventCountry "CRO"]
[SourceTitle "EXT 2013"]
[Source "ChessBase"]
[SourceDate "2012.11.22"]
[SourceVersion "1"]
[SourceVersionDate "2012.11.22"]
[SourceQuality "1"]

1. d4 d5 2. c4 e6 3. Nf3 c5 4. cxd5 exd5 5. Nc3 Nc6 6. g3 Nf6 7. Bg2 Be7 8. 0-0 0-0 9. Re1 Bg4 10. Be3 c4 11. Ne5 Be6 12. f3 Qb6 13. Qd2 Rfd8 14. Rad1 Qa6 15. Bf2 Rac8 16. a3 1/2-1/2

[Event "CRO-chT3B Center North"]
[White "Zeleznjak, Tihomir"]
[Black "Novak, Milan1"]
[Site "Cakovec"]
[Round "4.12"]
[Result "1/2-1/2"]
[Date "2010.04.24"]
[WhiteElo "2127"]
[BlackElo "1871"]
[PlyCount "110"]
[EventDate "2010.03.27"]
[EventType "team-tourn"]
[EventRounds "9"]
[EventCountry "CRO"]
[SourceTitle "EXT 2012"]
[Source "ChessBase"]
[SourceDate "2011.11.24"]
[SourceVersion "1"]
[SourceVersionDate "2011.11.24"]
[SourceQuality "1"]

1. e4 c6 2. d4 Nf6 3. Bd3 g6 4. c4 d6 5. Nf3 Bg7 6. 0-0 0-0 7. h3 e5 8. d5 c5 9. Nc3 Re8 10. Bg5 a6 11. Qd2 Re7 12. Nh2 Qf8 13. f4 h6 14. fxe5 Nxd5 15. Bxe7 Nxe7 16. exd6 Nec6 17. Nd5 Qxd6 18. Nb6 Nb4 19. Nxc8 Qc7 20. a3 Nxd3 21. Qxd3 Qxc8 22. Qd5 Qc7 23. Rad1 Nc6 24. Qd7 Qg3 25. Qxf7+ Kh8 26. Rd7 Rg8 27. Ng4 Nd8 28. Qd5 Nc6 29. Rff7 h5 30. Nf6 Ne5 31. Nxg8 Nxd7 32. Rxg7 Kxg7 33. Qxd7+ Kxg8 34. Qc8+ Kg7 35. Qxc5 Qe1+ 36. Kh2 h4 37. Qd4+ Kh7 38. Qd3 Kg7 39. Qc3+ Qxc3 40. bxc3 Kf6 41. g3 Ke5 42. gxh4 Kxe4 43. Kg3 Kf5 44. c5 a5 45. a4 Ke5 46. Kg4 Kd5 47. Kg5 Kxc5 48. Kxg6 b5 49. h5 bxa4 50. h6 a3 51. h7 a2 52. h8Q a1Q 53. Qd4+ Kc6 54. h4 a4 55. h5 a3 1/2-1/2

[Event "CRO-chT3"]
[White "Slamar, Velimir"]
[Black "Zeleznjak, Tihomir"]
[Site "Varazdin"]
[Round "4"]
[Result "1/2-1/2"]
[Date "2008.05.10"]
[WhiteElo "2265"]
[BlackElo "2067"]
[PlyCount "92"]
[EventDate "2008.04.12"]
[EventType "team-tourn"]
[EventRounds "9"]
[EventCountry "CRO"]
[SourceTitle "EXT 2011"]
[Source "ChessBase"]
[SourceDate "2010.11.26"]
[SourceVersion "1"]
[SourceVersionDate "2010.11.26"]
[SourceQuality "1"]

1. e4 e5 2. Nc3 Nf6 3. Bc4 Nc6 4. Nf3 Nxe4 5. 0-0 Nf6 6. Nxe5 Nxe5 7. Re1 Be7 8. Rxe5 0-0 9. d4 d6 10. Re1 c6 11. Bg5 d5 12. Bd3 h6 13. Bh4 Re8 14. Qd2 Be6 15. Re2 Qb6 16. Na4 Qb4 17. Qxb4 Bxb4 18. Bxf6 gxf6 19. a3 Bd6 20. Rae1 Kf8 21. Nc5 Bxc5 22. dxc5 b6 23. cxb6 axb6 24. f4 Bd7 25. Rxe8+ Bxe8 26. Kf2 c5 27. c3 Rd8 28. Ke3 Ke7 29. f5 Kd6 30. c4 d4+ 31. Kf4 Bc6 32. g3 Rg8 33. Re2 b5 34. cxb5 Bd5 35. Be4 Bc4 36. Rd2 Bxb5 37. b4 Re8 38. bxc5+ Kxc5 39. Rc2+ Kd6 40. a4 Bxa4 41. Rc4 Bb3 42. Rb4 Ba2 43. Rxd4+ Ke7 44. Kg4 Kf8 45. Kh5 Kg7 46. Bc6 Rc8 1/2-1/2